00672nam a2200169 a 450000500170000000800410001702000160005805000230007424500660009726000370016330000070020044000370020752001040024465000110034899900190035995201240037820140412111409.0070214s19uu xx 00 eng d a078685868-0 aTR(PS EbFa21 2000 aFamily storybook library, bk. 3 :bHard work deserves reward. aNew york :bDisney press,c2000. a19 aDisneys family storybook library aStories about honesty and integrity title includes snow White and the seven dwarfs and mickey mouse aFables c105636d105636 00104050aELbELcTRd2007-02-14eLib. Fundg83.00l0oTR(PS E Fa21 2000pE10476r2014-04-12 00:00:00w2014-04-12yBK